Statistics for Countries of the World in 1000 with a Map

Click here to take the quiz!

General Stats

  • This quiz has been taken 3,403 times
    (3,350 since last reset)
  • The average score is 45 of 378

Answers on the Map

Answers color-coded by a green-red scale on the quiz's map according to % correct below.
 

Answer Stats

Countries% Correct
England
85%
Byzantine Empire
84%
Song
84%
Alba
81%
Japan
81%
Denmark
79%
Norway
79%
Sweden
78%
Goryeo
72%
Iceland
72%
Poland
72%
France (royal domain)
69%
Hungary
64%
Sicily
60%
Ma-i
59%
Bulgaria
58%
Austria
57%
Brittany
57%
Venice
57%
Portugal
56%
Bavaria
54%
Papal States
54%
Serbia
53%
Castile
52%
Kiev
52%
Croatia
51%
Bohemia
50%
Khmer Empire
49%
Normandy
49%
Naples
48%
Oman
46%
Córdoba
45%
Saxony
45%
San Marino
44%
Corsica
43%
Lombardy
43%
Yemen
43%
Galicia
42%
León
42%
The Isles
42%
Dublin
41%
Tuscany
40%
Vietnam
40%
Armenia
38%
Burgundy (county)
38%
Burgundy (duchy)
38%
Navarre
38%
Cork
36%
Novgorod
35%
Ulaid
34%
Bar
33%
Maldives
33%
Flanders
32%
Munster
32%
Aquitaine
28%
Barcelona
27%
Brunei
22%
Connacht
22%
Ghana Empire
22%
Leinster
22%
Limerick
22%
Fatimid Caliphate
21%
Lower Lorraine
21%
Upper Lorraine
21%
Easter Island
20%
Gyula
20%
Toulouse
20%
Ay
19%
Champa
19%
Tu'i Tonga
18%
Baghdad
17%
Gascony
17%
Circassia
16%
Pisa
16%
Waterford
16%
Cologne
15%
Orléans
15%
Thuringia
15%
Verona
15%
Anjou
14%
Carinthia
14%
Gwynedd
14%
Gujarat
13%
Meath
13%
Strathclyde
13%
Swabia
13%
Toltec Empire
13%
Wexford
13%
Abkhazia
12%
Cagliari
12%
Kashmir
12%
Orkney
12%
Pala Empire
12%
Sindh
12%
Chola
11%
Pecheneg
11%
Powys
11%
Smolensk
11%
Benevento
10%
Champagne
10%
Cumania
10%
Franconia
10%
Khazaria
10%
Liao
10%
Aleppo
9%
Arles
9%
Ganzhou
9%
Kanem
9%
Liège
9%
Maine
9%
Mogadishu
9%
Nevers
9%
Qocho
9%
Rostov
9%
Salerno
9%
Srivijaya
9%
Volga Bulgaria
9%
Yenisei Kyrgyz
9%
Bourbonnais
8%
Dali
8%
Mainz
8%
Shirvan
8%
Spoleto
8%
Strasbourg
8%
Amalfi
7%
Arborea
7%
Assam
7%
Augsburg
7%
Ghaznavid Empire
7%
Iberia
7%
Kathmandu
7%
Lhasa
7%
Makuria
7%
Pagan
7%
Reims
7%
Shiraz
7%
Tbilisi
7%
Alania
6%
Alodia
6%
Arakan
6%
Blois
6%
Capua
6%
Chichen Itza
6%
Gwent
6%
Meissen
6%
Metz
6%
Montferrat
6%
Polotsk
6%
Ray
6%
Romagna
6%
Urgell
6%
Ailech
5%
Chimor
5%
Ghor
5%
Kilwa
5%
Kimek-Kipchak
5%
Ladakh
5%
Lade
5%
Malwa
5%
Pegu
5%
Roussillon
5%
Volhynia
5%
Wari Empire
5%
Adal
4%
Chera
4%
Deheubarth
4%
Derbent
4%
Kakheti
4%
Kano
4%
Kara-Khanid
4%
Lusatia
4%
Namur
4%
Oghuz Yabgu
4%
Osraige
4%
Tiwanaku Empire
4%
Tondo
4%
Turov
4%
Valois
4%
Verdun
4%
Vermandois
4%
Westrogothia
4%
Anuradhapura
3%
Bourges
3%
Butuan
3%
Chorasmia
3%
Duklja
3%
Empúries
3%
Gallura
3%
Gao
3%
Garhwal
3%
Guge
3%
Gurjara
3%
Herdalia
3%
Kamarupa
3%
Kutai
3%
Laon
3%
Lavo
3%
Limbuwan
3%
Logudoro
3%
Luwu
3%
Makran
3%
Mewar
3%
Multan
3%
Murom
3%
Nekor
3%
Nordgau
3%
Nri
3%
Pagania
3%
Pallars
3%
Qarmatians
3%
Rashtrakuta
3%
Rethel
3%
Ribagorza
3%
Saffarids
3%
Sorrento
3%
Tmutarakan
3%
Travunia
3%
Twipra
3%
Vendôme
3%
Yamama
3%
Zachlumia
3%
Zagwe
3%
Zaidi
3%
Ahtum
2%
Arran
2%
Artsakh
2%
Barghawata
2%
Beauvais (bishopric)
2%
Beauvais (county)
2%
Besalú
2%
Brycheiniog
2%
Buellt
2%
Cerdanya
2%
Chalcatongo
2%
Châlons
2%
Chamba
2%
Chandra
2%
Coba
2%
Corbie
2%
Dang
2%
Dizak
2%
Djenné
2%
Drevlians
2%
Durdzuki
2%
Dvin
2%
Finale
2%
Fulda
2%
Gaeta
2%
Garha
2%
Gâtinais
2%
Glywysing
2%
Gojjam
2%
Halin
2%
Hamamshen
2%
Hereti
2%
Hindu-Shahi
2%
Jejakabhukti
2%
Kaan
2%
Kachar
2%
Kagyu
2%
Kangra
2%
Khotan
2%
Konawe
2%
Kumaon
2%
Langres
2%
Lekia
2%
Lodi
2%
Lori
2%
Lutici
2%
Maelienydd
2%
Marwanids
2%
Medang
2%
Melun
2%
Merseburg
2%
Minahasa
2%
Naiman
2%
Noyon
2%
Osona
2%
Peremyshl
2%
Pesaro
2%
Qamdo
2%
Rawadids
2%
Sallarids
2%
Semien
2%
Sens
2%
Shakambhari
2%
Showa
2%
Siang
2%
Sijilmasa
2%
Sofala
2%
Somavamshi
2%
Syrmia
2%
Syunik
2%
Takrur
2%
Thaton
2%
Thurgau
2%
Tinda'i
2%
Tomaras
2%
Tonnerre
2%
Toraja
2%
Totonacapan
2%
Tripuri
2%
Uqaylids
2%
Uxmal
2%
Vanand
2%
Vaspurakan
2%
Vengi
2%
Vexin
2%
Vitry
2%
Xaquija
2%
Yotvingia
2%
Yucu Dzaa
2%
Zeitz
2%
Arzazene
1%
Baghk
1%
Baltistan
1%
Bamcang
1%
Banggai
1%
Beikthano
1%
Beylagan
1%
Binnaka
1%
Bishnupur
1%
Bocco Tallu
1%
Chudasama
1%
Cuitlatecapan
1%
Cuthá
1%
Dzibilchaltún
1%
Gardman
1%
Gjesvær
1%
Goght'n
1%
Guiyi
1%
Hariphunchai
1%
Hatorusan
1%
Huamuxtitlán
1%
Jaltepec
1%
Kamboja
1%
Khasa
1%
Langru
1%
Maingmaw
1%
Makhzumids
1%
Maskat
1%
Mbum
1%
Meulan
1%
Moks
1%
Montlhéry
1%
Nagqu
1%
Nan Sarunai
1%
Ndijiinu
1%
Ngoenyang
1%
Nicayuju
1%
Numayrids
1%
Nunusaku
1%
Perlak
1%
Purang
1%
Santubong
1%
Selimbau
1%
Sepauk
1%
Sri Ksetra
1%
Suket
1%
Suwawa
1%
Sylhet
1%
Tagaung
1%
Takuranga
1%
Talol
1%
Tanjungpura
1%
Tanjungpuri
1%
Teozacoalco
1%
Tepexi
1%
Thakuri
1%
Tidung
1%
Tilantongo
1%
Tirhut
1%
Tompotika
1%
Xochipala
1%
Yanhuitlán
1%
Yucuyuxi
1%
Zanskar
1%
Zhongyun
1%

Score Distribution

Percentile by Number Answered

Percent of People with Each Score

Your Score History

You have not taken this quiz since the last reset